00738nam a2200157 a 4500040000800000082002600008245004400034260013300078300003500211500015200246650003000398650002900428700001800457700002100475710008400496 cDLC00a338 ACC 1981 C282 Or.00aAccelerating agricultural development / aCollege, Laguna, Philippines :bSoutheast Asian Regional Center for Graduate Study and Research in Agriculture (SEARCA),cc1981. axiii, 486 p. :bill. ;c23 cm. aPapers from the International Workshop om Accelerating Agricultural Development, held at SEARCA, Los Baños, Laguna, Philippines Apr. 26-30, 1976. 0aAgricultural productivity 0aAgricultural innovations1 aDrilon, J. D.1 aSaguiguit, G. F.2 aSoutheast Asian Regional Centre for Graduate Study and Research in Agriculture.